000
00350nam a2200133Ia 4500
008
100328s9999 xx 000 0 und d
082
_b
6032
100
_a
वरेरकर भार्गवराम विठ्ठल
245
_a
षोडशी
260
_b
---
630
_a
षोडशी
730
_a
षोडशी
942
_c
BOOK
999
_c
501973
_d
501970